| 000 | 00950nam a22002297a 4500 | ||
|---|---|---|---|
| 001 | 41555 | ||
| 003 | BD-RjUL | ||
| 005 | 20211209053417.0 | ||
| 008 | 160601s1966 ii ||||| |||| 00| 0 ben d | ||
| 035 | _a(BD-RjUL)41673 | ||
| 040 |
_aBD-RjUL _bben _cBD-RjUL |
||
| 041 | _aben | ||
| 082 |
_223 _a294.5 _bBIS 1966 |
||
| 100 |
_aবিল্বমঙ্গল _9127686 |
||
| 245 | 1 | 0 |
_aশ্রীকৃষ্ণকর্ণামৃতম / _cবিল্বমঙ্গল ; সম্পাদক বিমানবিহারী মজুমদার |
| 260 |
_aকলিকাতা : _bজিজ্ঞাসা, _c১৯৬৬ |
||
| 300 |
_a[৩৬], ১৯০ পৃ. : _bচিত্র ; _c২৫ সেমি. |
||
| 650 |
_aহিন্দুত্ত্ববাদ _9127687 |
||
| 650 |
_aHinduism _9127688 |
||
| 700 |
_a মজুমদার, বিমানবিহারী, সম্পাদক _9127689 |
||
| 942 |
_2ddc _cBK |
||
| 999 |
_c41555 _d41555 |
||